000 01582nam a22002537a 4500
999 _c60376
_d60376
003 Ge_BSU
005 20230706165729.0
008 230706s2014ge xxu||||| |||| 00| 0 geo d
020 _a9789941450235
041 _ageo
080 _a393.1(395.3)+903.5(395.3) გ-58
100 _aგობეჯიშვილი, ნიკოლოზ.
_919184
245 _aსამარხთა კონსტრუქცია და დაკრძალვის წესი კოლხური და ყობანური კულტურების მიხედვით = Burial constructions and funerary customs of colchian and koban cultures /
_cნიკოლოზ გობეჯიშვილი ; რედ. მარინე ფუთურიძე
264 _aთბილისი :
_bმწიგნობარი,
_c2014.
300 _a200 გვ. :
_bტაბ. ;
_c24 სმ.
501 _aტაბულები: გვ. 161-200 რუკები: გვ. 148-155.00.
504 _aბიბლიოგრ.: გვ. 140-147.
520 _aრეზ. ინგლ.
546 _aთავფურ. ქართ. და ინგლ
653 _aდაკრძალვის წესები კოლხეთში.
653 _aდაკრძალვის წესები ჩრდილოეთ კავკასიაში.
710 _aსაქ. ეროვნ. მუზეუმი. ოთ. ლორთქიფანიძის სახ. არქეოლ. ცენტრი
_919185
942 _2udc
_cBK